<?xml version="1.0" encoding="UTF-8"?>
<record
    xmlns:xsi="http://www.w3.org/2001/XMLSchema-instance"
    xsi:schemaLocation="http://www.loc.gov/MARC21/slim http://www.loc.gov/standards/marcxml/schema/MARC21slim.xsd"
    xmlns="http://www.loc.gov/MARC21/slim">

  <leader>01217nam a22003018i 4500</leader>
  <controlfield tag="001">020334550</controlfield>
  <controlfield tag="003">OSt</controlfield>
  <controlfield tag="005">20260129111939.0</controlfield>
  <controlfield tag="008">210906s2021    enk           000|0|eng|d</controlfield>
  <datafield tag="020" ind1=" " ind2=" ">
    <subfield code="a">9781789907469 (Hardcover)</subfield>
    <subfield code="c">USD 322.00</subfield>
  </datafield>
  <datafield tag="040" ind1=" " ind2=" ">
    <subfield code="a">StDuBDS</subfield>
    <subfield code="b">eng</subfield>
    <subfield code="c">StDuBDS</subfield>
    <subfield code="e">rda</subfield>
    <subfield code="d">NUST</subfield>
  </datafield>
  <datafield tag="050" ind1=" " ind2=" ">
    <subfield code="a">HF1111 HAN</subfield>
  </datafield>
  <datafield tag="245" ind1="0" ind2="0">
    <subfield code="a">Handbook of teaching and learning at business schools :</subfield>
    <subfield code="b">a practice-based approach /</subfield>
    <subfield code="c">edited by Thyra Uth Thomsen, Adam Lindgreen, Annemette Kj&#xE6;rgaard, Eleri Rosier and Aybars Tuncdogan.</subfield>
  </datafield>
  <datafield tag="260" ind1=" " ind2=" ">
    <subfield code="a">Northampton, Massachusetts, USA :</subfield>
    <subfield code="b">Edward Elgar Publishing, </subfield>
    <subfield code="c">&#xA9;2021.</subfield>
  </datafield>
  <datafield tag="300" ind1=" " ind2=" ">
    <subfield code="a">xxx, 383 pages :</subfield>
    <subfield code="b">Illustrations ;</subfield>
    <subfield code="c">25 cm.</subfield>
  </datafield>
  <datafield tag="336" ind1=" " ind2=" ">
    <subfield code="a">text</subfield>
    <subfield code="2">rdacontent</subfield>
    <subfield code="b">txt</subfield>
  </datafield>
  <datafield tag="337" ind1=" " ind2=" ">
    <subfield code="a">unmediated</subfield>
    <subfield code="2">rdamedia</subfield>
    <subfield code="b">n</subfield>
  </datafield>
  <datafield tag="338" ind1=" " ind2=" ">
    <subfield code="a">volume</subfield>
    <subfield code="2">rdacarrier</subfield>
    <subfield code="b">nc</subfield>
  </datafield>
  <datafield tag="504" ind1=" " ind2=" ">
    <subfield code="a">Includes bibliographical references and index.</subfield>
  </datafield>
  <datafield tag="650" ind1=" " ind2="0">
    <subfield code="a">Business</subfield>
    <subfield code="x">Study and teaching (Higher)</subfield>
  </datafield>
  <datafield tag="650" ind1=" " ind2="0">
    <subfield code="a">Management</subfield>
    <subfield code="x">Study and teaching (Higher)</subfield>
  </datafield>
  <datafield tag="700" ind1="1" ind2=" ">
    <subfield code="a">Thomsen, Thyra Uth</subfield>
    <subfield code="e">Editor</subfield>
  </datafield>
  <datafield tag="700" ind1="1" ind2=" ">
    <subfield code="a">Lindgreen, Adam</subfield>
    <subfield code="e">Editor</subfield>
  </datafield>
  <datafield tag="700" ind1="1" ind2=" ">
    <subfield code="a">Kj&#xE6;rgaard, Annemette</subfield>
    <subfield code="e">Editor</subfield>
  </datafield>
  <datafield tag="700" ind1="1" ind2=" ">
    <subfield code="a">Rosier, Eleri</subfield>
    <subfield code="e">Editor</subfield>
  </datafield>
  <datafield tag="700" ind1="1" ind2=" ">
    <subfield code="a">Tuncdogan, Aybars</subfield>
    <subfield code="e">Editor</subfield>
  </datafield>
  <datafield tag="942" ind1=" " ind2=" ">
    <subfield code="2">lcc</subfield>
    <subfield code="c">REF</subfield>
    <subfield code="h">HF1111 HAN</subfield>
    <subfield code="k">HF</subfield>
    <subfield code="m">HAN</subfield>
    <subfield code="n">0</subfield>
  </datafield>
  <datafield tag="999" ind1=" " ind2=" ">
    <subfield code="c">172595</subfield>
    <subfield code="d">172595</subfield>
  </datafield>
  <datafield tag="952" ind1=" " ind2=" ">
    <subfield code="0">0</subfield>
    <subfield code="1">0</subfield>
    <subfield code="2">LCC</subfield>
    <subfield code="4">0</subfield>
    <subfield code="7">0</subfield>
    <subfield code="8">NFIC</subfield>
    <subfield code="a">MAIN</subfield>
    <subfield code="b">MAIN</subfield>
    <subfield code="c">REFERENCE</subfield>
    <subfield code="d">2026-01-29</subfield>
    <subfield code="e">Book Aid International</subfield>
    <subfield code="g">322.00</subfield>
    <subfield code="l">0</subfield>
    <subfield code="o">HF1111 HAN</subfield>
    <subfield code="p">92004058005</subfield>
    <subfield code="r">2026-01-29 11:21:34</subfield>
    <subfield code="t">63485</subfield>
    <subfield code="v">322.00</subfield>
    <subfield code="w">2026-01-29</subfield>
    <subfield code="y">BOOKS</subfield>
    <subfield code="z">Donation</subfield>
  </datafield>
  <datafield tag="952" ind1=" " ind2=" ">
    <subfield code="0">0</subfield>
    <subfield code="1">0</subfield>
    <subfield code="2">LCC</subfield>
    <subfield code="4">0</subfield>
    <subfield code="7">0</subfield>
    <subfield code="8">NFIC</subfield>
    <subfield code="a">MAIN</subfield>
    <subfield code="b">MAIN</subfield>
    <subfield code="c">REFERENCE</subfield>
    <subfield code="d">2026-01-29</subfield>
    <subfield code="e">Book Aid International</subfield>
    <subfield code="g">322.00</subfield>
    <subfield code="l">0</subfield>
    <subfield code="o">HF1111 HAN</subfield>
    <subfield code="p">92004058039</subfield>
    <subfield code="r">2026-01-29 11:23:34</subfield>
    <subfield code="t">63470</subfield>
    <subfield code="v">322.00</subfield>
    <subfield code="w">2026-01-29</subfield>
    <subfield code="y">BOOKS</subfield>
    <subfield code="z">Donation</subfield>
  </datafield>
  <datafield tag="952" ind1=" " ind2=" ">
    <subfield code="0">0</subfield>
    <subfield code="1">0</subfield>
    <subfield code="2">LCC</subfield>
    <subfield code="4">0</subfield>
    <subfield code="7">0</subfield>
    <subfield code="8">NFIC</subfield>
    <subfield code="a">MAIN</subfield>
    <subfield code="b">MAIN</subfield>
    <subfield code="c">REFERENCE</subfield>
    <subfield code="d">2026-01-29</subfield>
    <subfield code="e">Book Aid International</subfield>
    <subfield code="g">322.00</subfield>
    <subfield code="l">0</subfield>
    <subfield code="o">HF1111 HAN</subfield>
    <subfield code="p">92004057922</subfield>
    <subfield code="r">2026-01-29 11:28:06</subfield>
    <subfield code="t">63484</subfield>
    <subfield code="v">322.00</subfield>
    <subfield code="w">2026-01-29</subfield>
    <subfield code="y">BOOKS</subfield>
    <subfield code="z">Donation</subfield>
  </datafield>
</record>
